000 00904nam a22002297a 4500
999 _c64318
_d64318
005 20240530110725.0
008 180417s2017 ua g 001 1 ara d
017 _a2017/19799
_bمصر. دار الكتب
020 _a9789779109480
040 _aEG-CaGPL
_cEG-CaGPL
082 0 4 _221
_a808.8012 /
_bم و
100 0 _aمحمد شبل الكومى
245 1 2 _aالواقعية الروحية فى الادب والفلسفة /
_cبقلم محمد شبل الكومى ؛ تقديم محمد عنانى
260 _aالقاهرة :
_bالهيئة المصرية العامة للكتاب ،
_c2017.
300 _a425 ص. ؛
_c24 سم.
650 0 7 _2qrmak
_aالواقعية فى الادب
650 0 7 _2qrmak
_aالمثالية فى الادب
650 0 7 _2qrmak
_aالواقعية فى الفلسفة
651 _2qrmak
942 _2ddc
_cBK